| 000 | 00539nam a2200169 a 4500 | ||
|---|---|---|---|
| 001 | 000038399 | ||
| 003 | DO-SdBNP | ||
| 005 | 20220404104512.0 | ||
| 008 | 130410s1975 dr 000 0 spa d | ||
| 040 |
_aDO-SdBNP _bspa _cBNPHU |
||
| 100 | 1 |
_aConcepción, J. Agustín _922539 |
|
| 245 | 1 | 0 |
_aTrujillo no siempre obligo : _b(no pocas veces lo obligaron a él) / _cJ. Agustín Concepción. |
| 260 |
_aSanto Domingo : _bCultural Dominicana, _c1975. |
||
| 300 |
_a111 p. ; _c22 cm. |
||
| 500 | _aIncluye índice onomástico | ||
| 942 |
_2ddc _cLBS1 |
||
| 999 |
_c37889 _d37889 |
||